| 000 | 00491nam a2200181 4500 | ||
|---|---|---|---|
| 999 |
_c189031 _d189031 |
||
| 005 | 20220609163523.0 | ||
| 010 | _aENG-133202 | ||
| 020 |
_a9789381281994 _c50.00 |
||
| 035 | _aEN-116734 | ||
| 037 | _bDBAD/PUB | ||
| 082 | _a294.54 | ||
| 100 | _aChandra, Ram | ||
| 245 |
_aReality at Dawn/ _cRam Chandra |
||
| 260 |
_aKolkata _bSpiritual Hierarchy Publication Trust _c2014 |
||
| 270 |
_bKolkata _e700027 |
||
| 300 |
_a174p. _c23cm(pbk) |
||
| 942 |
_2ddc _cEN _h294.54 _mCHA |
||